| 000 -LEADER |
| fixed length control field |
00685nam a22002057a 4500 |
| 003 - CONTROL NUMBER IDENTIFIER |
| control field |
OSt |
| 005 - DATE AND TIME OF LATEST TRANSACTION |
| control field |
20241025170656.0 |
| 008 - FIXED-LENGTH DATA ELEMENTS--GENERAL INFORMATION |
| fixed length control field |
241025b ||||| |||| 00| 0 eng d |
| 020 ## - INTERNATIONAL STANDARD BOOK NUMBER |
| International Standard Book Number |
9789814913065 |
| 040 ## - CATALOGING SOURCE |
| Transcribing agency |
KH8 |
| 082 ## - DEWEY DECIMAL CLASSIFICATION NUMBER |
| Classification number |
500 LIA |
| 100 ## - MAIN ENTRY--PERSONAL NAME |
| Personal name |
Liang, Chua Boon, |
| Relator term |
author. |
| 245 ## - TITLE STATEMENT |
| Title |
Cambridge IGCSE Mathematics Core & Extended : |
| Remainder of title |
Student's Book / |
| Statement of responsibility, etc. |
Dr. Chua Boon Liang, Frederick Ho, Dr. Yap Von Bing, Andrew Seah, David Loh, Melvin Tan and Wesley Lew. |
| 260 ## - PUBLICATION, DISTRIBUTION, ETC. |
| Place of publication, distribution, etc. |
Singapore ; |
| Name of publisher, distributor, etc. |
Marshall Cavendish Education , |
| Date of publication, distribution, etc. |
2023. |
| 300 ## - PHYSICAL DESCRIPTION |
| Extent |
viii, 719 pages : |
| Other physical details |
illustrations : |
| Dimensions |
28 cm. |
| 650 ## - SUBJECT ADDED ENTRY--TOPICAL TERM |
| Topical term or geographic name entry element |
Mathematics |
| 650 ## - SUBJECT ADDED ENTRY--TOPICAL TERM |
| Topical term or geographic name entry element |
Textbook |
| 650 ## - SUBJECT ADDED ENTRY--TOPICAL TERM |
| Topical term or geographic name entry element |
Student Book |
| 942 ## - ADDED ENTRY ELEMENTS (KOHA) |
| Source of classification or shelving scheme |
|
| Koha item type |
Teaching Resources |